|
|
|
|
| LEADER |
00000nam a2200000 a 4500 |
| 001 |
vtls001393058 |
| 003 |
SK-MaSNL |
| 005 |
20260302001001.0 |
| 008 |
240315s1998 xo a r slo |
| 015 |
|
|
|a SNBA2000/09-03241
|
| 020 |
|
|
|a 8071581976
|
| 035 |
|
|
|a SNK000347367
|
| 035 |
|
|
|a urn:nbn:sk:snk-amtki7
|
| 035 |
|
|
|a urn:nbn:sk:snk-am00c73k
|
| 035 |
|
|
|a 0C6B2D45-D4FA-4251-A49D-27F927801410
|
| 040 |
|
|
|a SNK
|b slo
|c SNK
|e AACR2
|
| 041 |
0 |
|
|a slo
|
| 044 |
|
|
|a xo
|c SK
|
| 080 |
|
|
|a 372.47(075.2)(076.5)
|2 1981
|
| 100 |
1 |
|
|a Bero, Peter,
|d 1950-
|4 aut
|9 215146
|
| 245 |
1 |
|
|a Matematika pre 4. ročník ZŠ. Pracovný zošit
|n 1
|c [autori Peter Bero, Zuzana Pytlová]
|
| 250 |
|
|
|a 2. vyd.
|
| 260 |
|
|
|a Bratislava
|b Orbis Pictus Istropolitana
|c 1998
|
| 300 |
|
|
|a 80 s.
|b fareb. ilustr.
|c 30 cm
|
| 500 |
|
|
|a Ilustr. na tit. strane a front.
|
| 500 |
|
|
|a Údaj o aut. prevzatý z front.
|
| 500 |
|
|
|a Ilustroval Miroslav Regitko
|
| 650 |
0 |
7 |
|a matematika
|x učebnice zákl. škôl (4. roč)
|x zošity pracovné
|2 SNK
|9 636298
|
| 655 |
|
7 |
|a učebnice
|2 SNK
|9 22521
|
| 700 |
1 |
|
|a Pytlová, Zuzana
|4 aut
|9 18966
|
| 700 |
1 |
|
|a Regitko, Miroslav,
|d 1965-
|4 ill
|9 214883
|
| 919 |
|
|
|a 80-7158-197-6
|
| 958 |
|
|
|a TL
|
| 958 |
|
|
|a UX
|
| 999 |
|
|
|c 982003
|d 983933
|
| 952 |
|
|
|t P60, <03>, [BOOK], {603}
|a SNK
|b SNK
|y PREZ
|7 0
|p 17A0246660
|o snkSB 59851/1
|i snkKSP 7319/2000
|0 0
|1 0
|4 0
|d 2000-07-24
|f 1
|l 0
|r 2025-04-09 00:00:00
|w 2026-02-24
|
| 952 |
|
|
|t P60, <04>, [BOOK], {604}
|a SNK
|b SNK
|y VYP
|7 0
|p 17A0246661
|o snkSB 59851/1 D1
|i snkKSP 7320/2000
|0 0
|1 0
|4 0
|d 2000-07-24
|l 0
|r 2005-01-02 00:00:00
|w 2026-02-24
|